LEADER 01519nam a2200289 u 4500 001 000000078991 003 CaOOAMICUS 005 20070226123506.0 008 040520s2000 gr u000 u fre u 020 $a9603560626 035 $a10996094 040 $aPUL$bita 100 1 $aPapathomas, Archim. Grigorios D.$0(OLS)http://pul/name/52642 245 10$aEssai de bibliographie (ad hoc) pour l'étude des questions de l'autocéfalie, de l'autonomie et de la diaspora :$b(contribution bibliographique à l'étude des questios - Essai préliminaire /$cArchim. Grigorios D. Papathomas. 260 $aAthènes :$bEpektasis,$c2000. 300 $a105 p. ;$c21 cm 490 1 $aBibliothèque nomocanonique ;$v7 504 $aBibliografia: p. [37]-68, p.[76]-105. 610 24$aChiesa ortodossa.$0(OLS)http://pul/subject/754 650 4$aChiesa greca$xStoria.$0(OLS)http://pul/subject/27494 830 0$aBibliothèque nomocanonique ;$v7.$0(OLS)http://pul/title/103390 850 $aPUL 852 $aPUL$W1$xSL Religione 1$y3$m69 B 28.7$j101187$nBK-PRI$b $qStampati$B101187$CPULBib$Z2$F101187 $HPUL90555 $81 941 1 $a8 996 $6020$a9603560626$9(OLS)http://pul/number/103627 996 $6245$aEssai de bibliographie (ad hoc) pour l'étude des questions de l'autocéfalie, de l'autonomie et de la diaspora :$b(contribution bibliographique à l'étude des questios - Essai préliminaire$9(OLS)http://pul/title/103392 996 $6260$aAthènes :$bEpektasis$9(OLS)http://pul/publisher/75535 LEADER 01570nam a2200313 a 4500 001 000000176927 003 CaOOAMICUS 005 20240614084036.0 008 240614s2020 it da u000 u ita r 020 $a978-88-3365-320-4* 032 $aLibriCat 040 $aPUL$bita 082 0 $a337 100 1 $aCasale, Giuseppe,$d1980-$0(OLS)http://pul/name/92757 245 10$aEconomia (e) politica dello state-building contemporaneo :$b analisi e problemi di politica internazionale nel mondo dell'interdipendenza complessa /$cGiuseppe Casale. 260 $aRoma :$bEdizioni Nuova Cultura,$c©2020. 300 $a169 pagine ;$c24 cm 490 1 $aLa Zattera di Neurath $a6 504 $aBibliografia in nota. 650 4$aEconomia e politica internazionale.$0(OLS)http://pul/subject/46820 650 4$aGlobalizzazione (economia).$0(OLS)http://pul/subject/20545 830 3$aLa zattera di Neurath $b(Edizioni Nuova Cultura) ;$v6.$0(OLS)http://pul/title/213642 850 $aPUL 852 $aPUL$W1$xSL Diritto e Scienze Sociali 3$y79$m337 CASGI 1$j200926$qDDC 21$B205883$CPULBib$Z2$F205883 $H137137 $82 996 $6020$a978-88-3365-320-4*$9(OLS)http://pul/number/169790 996 $6082$a337$9(OLS)http://pul/classification/1692 996 $6245$aEconomia (e) politica dello state-building contemporaneo :$b analisi e problemi di politica internazionale nel mondo dell'interdipendenza complessa$9(OLS)http://pul/title/218428 996 $6260$aRoma :$bEdizioni Nuova Cultura$9(OLS)http://pul/publisher/80117